| 000 | 01780cam a22004694i 4500 | ||
|---|---|---|---|
| 003 | PE-LiUPU | ||
| 005 | 20250731173241.0 | ||
| 008 | 150625s1967 na r 000 0 spa d | ||
| 035 | _a(Sirsi) a35314 | ||
| 040 |
_aPE-LiUPU _bspa _cPE-LiUPU _erda |
||
| 082 | 0 | 4 |
_a264 _bP34 _221 |
| 100 | 1 |
_aPease, Norval F., _d1910-1995, _eautor. |
|
| 245 | 1 | 0 |
_aAnd Worship Him / _cNorval F. Pease. |
| 264 | 1 |
_aNashville : _bSouthern Pub. Association, _c[1967]. |
|
| 300 |
_a95 páginas ; _c22 centímetros |
||
| 336 |
_atext _2rdacontent |
||
| 337 |
_aunmediated _2rdamedia |
||
| 338 |
_avolume _2rdacarrier |
||
| 490 | 0 | _aStrand Library Collection | |
| 504 | _aBibliografía: páginas 90. | ||
| 526 | _aSEG42 | ||
| 526 | _aSEG41 | ||
| 526 | _aSEG40 | ||
| 526 | _aSEG39 | ||
| 526 | _aP94 | ||
| 526 | _aP87 | ||
| 526 | _aP86 | ||
| 526 | _aP85 | ||
| 526 | _aP77 | ||
| 526 | _aP76 | ||
| 526 | _aP35 | ||
| 600 | 0 | 4 |
_aJesucristo _xPasión _vMeditaciones. |
| 630 | 0 | 4 |
_aBiblia. _pN.T. _pMateo XXVI-XXVII _vMeditaciones. |
| 942 |
_2ddc _cBOOK |
||
| 949 |
_a264 P34 _wDEWEY _c1 _i18394 _lCCODEBUL1 _mBUL _p33.00 _r0 _sY _tBOOK _u2015-06-25 _xBIBLIOTECA _zUNKNOWN _0COMPRA _o.STAFF. Colección Teología |
||
| 949 |
_a264 P34 _wDEWEY _c2 _i17189 _lCCODEBUL1 _mBUL _p33.00 _r0 _sY _tBOOK _u2015-06-25 _xBIBLIOTECA _zUNKNOWN _0COMPRA _o.STAFF. Colección Teología |
||
| 596 | _a1 | ||
| 999 |
_a264 P34 _wDEWEY _c43265 _i18394 _f2021-11-10 _g5 _lCCODEBUL1 _mBUL _p33.00 _r0 _sY _tBOOK _u2015-6-25 _xTEOLOGIA _PP35 _0COMPRA _o.STAFF. Colección Teología _d43265 |
||
| 999 |
_a264 P34 _wDEWEY _c2 _i17189 _f2021-11-10 _g5 _lCCODEBUL1 _mBUL _p33.00 _r0 _sY _tBOOK _u2015-6-25 _xTEOLOGIA _PP35 _0COMPRA _o.STAFF. Colección Teología |
||
| 980 |
_81 _gALBERTO SANCHEZ Responsable de Automatización |
||